Click a Movie, Initially - Biopics Quiz Stats

 Plays Quiz Updated Sep 10, 2019

Score 0/20 Timer 05:00
32 Plays Today
% Correct
Ray
91%
Malcolm X
89.1%
Erin Brockovich
88.7%
Ali
87.8%
Walk the Line
86.2%
The Last King of Scotland
84.2%
The Iron Lady
83.3%
Gorillas in the Mist
80.9%
The Social Network
79.7%
Frida
78%
% Correct
Steve Jobs
72.4%
Boys Don't Cry
69.6%
The People vs. Larry Flynt
65.2%
Elizabeth
64.6%
My Week with Marilyn
63.8%
Ed Wood
63.8%
The Hurricane
62.6%
Good Night, and Good Luck.
60.4%
What's Love Got to Do with It
59.6%
La Vie en Rose
57.8%

You're not logged in!

Compare scores with friends on all Sporcle quizzes.
OR
Log In

Show Comments

Extras

Top Quizzes Today


Score Distribution

Your Account Isn't Verified!

In order to create a playlist on Sporcle, you need to verify the email address you used during registration. Go to your Sporcle Settings to finish the process.

Report this User

Report this user for behavior that violates our Community Guidelines.

Details: